Odgadniesz nazwy państw po rozsypanych literkach? - Statystyki

Ogólne statystyki
  • Ten quiz został rozwiązany 106 razy
  • Średni wynik to 23 z 35
Statystyki odpowiedzi
Numeracja Literowanka Państwo % Poprawnych
2 nżadrbzejea Azerbejdżan
94%
6 rcpy Cypr
92%
9 fpiiyinl Filipiny
87%
31 isr nalka Sri Lanka
87%
19 gaskmaagra Madagaskar
83%
8 żibitud Dżibuti
82%
29 zsseele Seszele
81%
3 abyham Bahamy
80%
10 aonbg Gabon
75%
11 ngawei biasus Gwinea Bissau
75%
4 rbhjaan Bahrajn
73%
16 ikibirat Kiribati
72%
25 napmaa Panama
71%
18 tleosho Lesotho
70%
20 mjanam Mjanma
70%
24 nmoa Oman
70%
13 ndrilaia Irlandia
65%
15 maeukrn Kamerun
65%
23 uranu Nauru
64%
33 iltajadan Tajlandia
64%
21 imnologa Mongolia
62%
35 nwetima Wietnam
60%
5 indbuur Burundi
58%
14 żdbkmaao Kambodża
57%
34 naudga Uganda
57%
7 ndokmiai Dominika
56%
12 daonhaur Honduras
55%
17 rykkaosat Kostaryka
55%
1 garaliei Algieria
53%
26 rtplgaaoui Portugalia
52%
22 ibnaima Namibia
48%
27 nradaw Rwanda
46%
32 nursmia Surinam
44%
30 msaialo Somalia
38%
28 doasrlaw Salwador
28%
Nie znaleziono quizów pasujących do podanych kryteriów
Rozkład punktacji
Procent ludzi z każdym wynikiem
Percentyl według liczby udzielonych odpowiedzi
Twoja historia wyników
Nie rozwiązałeś tego quizu